Ephemeris Blázquez I : (Record no. 196026)

MARC details
000 -LEADER
campo de control de longitud fija 01162nam a2200301 i 4500
001 - NÚMERO DE CONTROL
campo de control 196026
003 - IDENTIFICADOR DE NÚMERO DE CONTROL
campo de control ES-MaACL
005 - FECHA Y HORA DE LA ÚLTIMA TRANSACCIÓN
campo de control 20250728113543.0
008 - DATOS DE LONGITUD FIJA--INFORMACIÓN GENERAL
campo de control de longitud fija 240809s2020 esp 000 0 spa d
017 ## - NÚMERO DE COPYRIGHT O DE DEPÓSITO LEGAL
Número de copyright o de depósito legal M 11851-2020
020 ## - NÚMERO INTERNACIONAL ESTÁNDAR DEL LIBRO
Número Internacional Estándar del Libro 9788478828555
035 ## - NÚMERO DE CONTROL DEL SISTEMA
Número de control de sistema Rebiun27507566
040 ## - FUENTE DE CATALOGACIÓN
Centro catalogador/agencia de origen ULL
Lengua de catalogación spa
Centro/agencia transcriptor ES-MaACL
245 10 - MENCIÓN DEL TÍTULO
Título Ephemeris Blázquez I :
Resto del título José María Blázquez y la historia de las religiones /
Mención de responsabilidad, etc. Francisco Díez de Velasco (ed.).
260 ## - PUBLICACIÓN, DISTRIBUCIÓN, ETC.
Lugar de publicación, distribución, etc. Madrid :
Nombre del editor, distribuidor, etc. Ediciones Clásicas,
Fecha de publicación, distribución, etc. 2020.
300 ## - DESCRIPCIÓN FÍSICA
Extensión 260 p :
Otras características físicas il ;
Dimensiones 24 cm.
336 ## - TIPO DE CONTENIDO
Fuente rdacontent
Término de tipo de contenido texto
337 ## - TIPO DE MEDIO
Fuente rdamedia
Nombre/término del tipo de medio sin mediación
338 ## - TIPO DE SOPORTE
Fuente rdacarrier
Nombre/término del tipo de soporte volumen
650 #7 - PUNTO DE ACCESO ADICIONAL DE MATERIA--TÉRMINO DE MATERIA
Término de materia o nombre geográfico como elemento de entrada Religiones-
Subdivisión de forma Congresos y asambleas
Fuente del encabezamiento o término
9 (RLIN) 154942
700 1# - ENTRADA AGREGADA--NOMBRE PERSONAL
Nombre de persona Díez de Velasco, Francisco,
Fechas asociadas al nombre 1960-
Término indicativo de función/relación Editor literario
9 (RLIN) 174249
852 ## - LOCALIZACIÓN
Ubicación ES-MaACL
Sublocalización o colección R.153087
Ubicación en estantería Depósito J
Número de control de estantería N-9153
Donativo/Legado Donación: Francisco Díez de Velasco
Encuadernación Encuadernación rústica
itemnumber 205049
903 ## - NOMBRE PERSONAL DE DONANTE
a Díez de Velasco, Francisco,
d 1960-
9 174249
e Donante
942 ## - ELEMENTOS DE ENTRADA SECUNDARIOS (KOHA)
Tipo de ítem Koha Libro impreso
Suprimir en OPAC No
Holdings
Estatus retirado Estado de pérdida Fuente del sistema de clasificación o colocación Estado de daño No para préstamo Biblioteca de origen Biblioteca actual Ubicación en estantería Fecha de adquisición Fuente de adquisición Total de préstamos Signatura topográfica completa Código de barras Visto por última vez Precio de reemplazo Tipo de ítem Koha
    Clasificación decimal universal     Biblioteca del Ateneo de Madrid Biblioteca del Ateneo de Madrid Depósito J 25/04/2025 Donación   N-9153 101229894 25/04/2025 25/04/2025 Libro impreso